| 000 | 00963nam a22002297a 4500 | ||
|---|---|---|---|
| 999 |
_c7900 _d7900 |
||
| 003 | AR-CdUCM | ||
| 008 | 190321b ||||| |||| 00| 0 spa d | ||
| 020 | _a84-8387-061-4 | ||
| 040 |
_aMUNICIPALIDAD PROVINCIAL DEL CUSCO _cBIBLIOTECA MUNICIPAL DEL CUSCO |
||
| 082 |
_a333.335 / _bA79 |
||
| 100 |
_aAsencio Diaz, Fausto Wilfredo _922337 |
||
| 245 |
_aLa producción de algarroba de los bosques secos : _bEconomía y medio ambiente en la región Grau / |
||
| 260 |
_aCusco : _bCBC, _c1997. |
||
| 300 |
_a127 páginas ; _c24 cm. |
||
| 440 |
_aTrabajo del colegio andino programa de perfeccionamiento profesional _n22 _922338 |
||
| 505 | _aContenido : Capitulo I : Los algarrobales en la costa norte del Perú -- Capitulo II : Asentamiento silvo-pecuario "El algarrobo el papayo" Capitulo III : Manejo del bosque ... | ||
| 650 |
_aProducción de algarrobo _922339 |
||
| 650 |
_aEcología _94960 |
||
| 650 |
_aPiura _95752 |
||
| 942 |
_2ddc _cLIBROS |
||
| 945 | _arah | ||